书目信息 |
| 题名: |
孙子兵法新注
|
|
| 作者: | ||
| 分册: | ||
| 出版信息: | 北京 中华书局 1977 |
|
| 页数: | 168页 | |
| 开本: | 20cm | |
| 丛书名: | ||
| 单 册: | ||
| 中图分类: | B226.9 | |
| 科图分类: | ||
| 主题词: | 先秦哲学 | |
| 电子资源: | ||
| ISBN: | ||
| 000 | 00418nam0 2200169 450 | |
| 001 | 0728815141 | |
| 005 | 20070819080015.14 | |
| 010 | @d¥0.58 | |
| 100 | @a20070819d km y0chiy0120 ea | |
| 101 | 0 | @achi |
| 200 | 1 | @a孙子兵法新注@Asun zi bing fa xin zhu |
| 210 | @a北京@c中华书局@d1977 | |
| 215 | @a168页@d20cm | |
| 606 | 0 | @a先秦哲学 |
| 690 | @aB226.9@v3 | |
| 801 | 0 | @aCN@bPFT@c20070819 |
| 905 | @a213230@dB226.9@eZW54@f1 | |
| 孙子兵法新注.-北京:中华书局,1977 |
| 168页;20cm |
| ISBN :¥0.58 |
| ● |
| 相关链接 |
|
|
|
|
正题名:孙子兵法新注
索取号:B226.9/ZW54
 
预约/预借
| 序号 | 登录号 | 条形码 | 馆藏地/架位号 | 状态 | 备注 |
| 1 | 7600129 | 276001292 | 密集书库-文学院/ [索取号:B226.9/ZW54] | 在馆 |